000
003090000a22001450004500
003
MACL
040
_a
MACL
090
_c
33824
_d
33822
100
_a
Lotia, Manahar
245
_a
Core Idraw 9
260
_b
BPB Computer Course
_c
2001
350
_a
66
650
_a
Computer probraming
942
_c
BOOK
_k
005/Lot
999
_c
33469
_d
33469